000 00639nam a2200181 i 4500
001 40605
003 ES-MaACL
005 20230906160252.0
007 t|
008 030306s1949 sp ||||1| spa d
100 1 _aCarrel, Alexis.
_935609
245 1 0 _aViaje a Lourdes, seguido de fragmentos del diario y meditaciones /
_cAlexis Carrel con una introducción de Dom Alexis Presse ; [traducción española por Luis Jordá].
260 _aBarcelona :
_bIberia,
_c[1949] (
_fAgustín Núñez)
300 _a140 p. ;
_c21 cm.
700 1 _aPresse, Dom Alexis.
_993789
700 1 _aJordá, Luis.
_966897
852 _aES-MaACL
_jD-6974
_bR.29324
999 _c40605
_d40605